[Event "NRW Class1 0708"]
[Site "Germany"]
[Date "2008.04.06"]
[Round "8.3"]
[White "Jacoby, Florian"]
[Black "Hollermann, Thomas"]
[Result "1/2-1/2"]
[WhiteElo "2219"]
[BlackElo "2261"]
[PlyCount "23"]
[EventDate "2007.09.16"]
[EventType "team"]
[EventRounds "9"]
[EventCountry "GER"]
[SourceTitle "EXT 2009"]
[Source "ChessBase"]
[SourceDate "2008.11.26"]
[SourceVersion "1"]
[SourceVersionDate "2008.11.26"]
[SourceQuality "1"]
[WhiteTeam "Brackweda"]
[BlackTeam "Neuenkirchen"]
[WhiteTeamCountry "GER"]
[BlackTeamCountry "GER"]

1. d4 e6 2. e4 d5 3. Nc3 Bb4 4. e5 Qd7 5. a3 Bxc3+ 6. bxc3 b6 7. Qg4 f5 8. Qg3 Ba6 9. Nh3 Bxf1 10. Rxf1 Nc6 11. Nf4 0-0-0 12. h4 1/2-1/2

[Event "NRW Class1 0708"]
[Site "Germany"]
[Date "2007.11.04"]
[Round "3.3"]
[White "Peters, Alex"]
[Black "Hollermann, Thomas"]
[Result "0-1"]
[WhiteElo "2209"]
[BlackElo "2261"]
[PlyCount "58"]
[EventDate "2007.09.16"]
[EventType "team"]
[EventRounds "9"]
[EventCountry "GER"]
[SourceTitle "EXT 2009"]
[Source "ChessBase"]
[SourceDate "2008.11.26"]
[SourceVersion "1"]
[SourceVersionDate "2008.11.26"]
[SourceQuality "1"]
[WhiteTeam "Rheinpark BSG"]
[BlackTeam "Neuenkirchen"]
[WhiteTeamCountry "GER"]
[BlackTeamCountry "GER"]

1. Nf3 d6 2. d4 Bg4 3. e4 e6 4. Qd3 Nd7 5. Be2 Ngf6 6. Bg5 Be7 7. Nc3 0-0 8. h3 Bh5 9. g4 Bg6 10. Nh4 d5 11. Nxg6 hxg6 12. e5 Ne4 13. Bxe7 Qxe7 14. Nxe4 dxe4 15. Qxe4 Qb4+ 16. Kf1 f5 17. Qd3 Rad8 18. Qc3 Qe7 19. Qxc7 Qh4 20. gxf5 Rxf5 21. Rh2 Rdf8 22. f3 Rg5 23. Rf2 Qxh3+ 24. Ke1 Nb6 25. Bf1 Qh4 26. Rd1 Rxf3 27. Qd8+ Kh7 28. Rdd2 Rxf2 29. Rxf2 Rxe5+ 0-1

[Event "Muensterland Verbandsliga 0506"]
[Site "Germany"]
[Date "2005.11.12"]
[Round "4.1"]
[White "Hollermann, Thomas"]
[Black "Ottens, Stephan"]
[Result "0-1"]
[WhiteElo "2261"]
[BlackElo "2231"]
[PlyCount "82"]
[EventDate "2005.08.27"]
[EventType "team"]
[EventRounds "9"]
[EventCountry "GER"]
[SourceTitle "EXT 2006"]
[Source "ChessBase"]
[SourceDate "2005.11.24"]
[SourceVersion "1"]
[SourceVersionDate "2005.11.24"]
[SourceQuality "1"]
[WhiteTeam "Neuenkirchen"]
[BlackTeam "Rheine Klein Berlin"]
[WhiteTeamCountry "GER"]
[BlackTeamCountry "GER"]

1. Nf3 Nf6 2. c4 g6 3. Nc3 Bg7 4. e4 d6 5. d4 0-0 6. Be2 e5 7. 0-0 Nc6 8. d5 Ne7 9. b4 Nh5 10. Re1 h6 11. Bf1 f5 12. a4 Nf4 13. Bxf4 exf4 14. e5 dxe5 15. Nxe5 a5 16. bxa5 g5 17. Qb3 Kh7 18. c5 Rxa5 19. Qb4 b6 20. d6 cxd6 21. cxd6 Nd5 22. Qa3 Nxc3 23. Nc6 Qf6 24. Nxa5 bxa5 25. Re7 Rd8 26. Rc1 Rxd6 27. Qxc3 Qxe7 28. Qxc8 Qd7 29. Qxd7 Rxd7 30. Rc5 Rd2 31. Rxa5 Bd4 32. Ba6 Rd1+ 33. Bf1 g4 34. g3 f3 35. Rxf5 Rd2 36. h3 Bxf2+ 37. Kh1 Bxg3 38. Kg1 Bf2+ 39. Kh1 Rd1 40. hxg4 Rxf1+ 41. Kh2 Be3 0-1

[Event "NRW Class2 0405"]
[Site "Germany"]
[Date "2005.01.30"]
[Round "6.1"]
[White "Hollermann, Thomas"]
[Black "Schoenthier, Frank"]
[Result "1/2-1/2"]
[WhiteElo "2291"]
[BlackElo "2325"]
[PlyCount "46"]
[EventDate "2004.10.10"]
[EventType "team"]
[EventRounds "9"]
[EventCountry "GER"]
[SourceTitle "EXT 2006"]
[Source "ChessBase"]
[SourceDate "2005.11.24"]
[SourceVersion "1"]
[SourceVersionDate "2005.11.24"]
[SourceQuality "1"]
[WhiteTeam "Neuenkirchen"]
[BlackTeam "Monheim"]
[WhiteTeamCountry "GER"]
[BlackTeamCountry "GER"]

1. Nf3 Nf6 2. c4 e6 3. g3 d5 4. Bg2 Be7 5. 0-0 0-0 6. b3 a5 7. Nc3 Ne4 8. Bb2 Bf6 9. Qc2 Nxc3 10. Bxc3 Nc6 11. d4 a4 12. Rfd1 Qe7 13. e4 dxe4 14. Qxe4 Rd8 15. h4 Bd7 16. Qe1 axb3 17. axb3 Rxa1 18. Rxa1 Be8 19. Qe4 b6 20. g4 g6 21. Qf4 Bg7 22. b4 e5 23. dxe5 Nxb4 1/2-1/2

[Event "Muensterland Verbandsliga 0304"]
[Site "Germany"]
[Date "2004.03.20"]
[Round "8.1"]
[White "Hollermann, Thomas"]
[Black "Engels, Natia"]
[Result "1-0"]
[WhiteElo "2291"]
[BlackElo "2160"]
[PlyCount "81"]
[EventDate "2003.09.27"]
[EventType "team"]
[EventRounds "9"]
[EventCountry "GER"]
[SourceTitle "EXT 2005"]
[Source "ChessBase"]
[SourceDate "2004.11.15"]
[SourceVersion "1"]
[SourceVersionDate "2004.11.15"]
[SourceQuality "1"]
[WhiteTeam "Neuenkirchen"]
[BlackTeam "Muenster II"]
[WhiteTeamCountry "GER"]
[BlackTeamCountry "GER"]

1. Nf3 Nf6 2. c4 g6 3. Nc3 Bg7 4. e4 d6 5. d4 0-0 6. Be2 e5 7. dxe5 dxe5 8. Qxd8 Rxd8 9. Bg5 Re8 10. Nd5 Nxd5 11. cxd5 f5 12. Rc1 h6 13. Be3 c6 14. Bc4 Kh7 15. h4 fxe4 16. Ng5+ Kh8 17. Nxe4 cxd5 18. Bxd5 Nc6 19. Rxc6 bxc6 20. Bxc6 Be6 21. Bxe8 Rxe8 22. b3 Bd5 23. f3 Rc8 24. Kd2 Bf8 25. Rc1 Bb4+ 26. Ke2 Rxc1 27. Bxc1 Kg7 28. Bb2 Kf7 29. Bxe5 Ke6 30. Bd4 a6 31. g4 Be7 32. Be3 a5 33. Bxh6 Bxh4 34. Bd2 Bd8 35. Ke3 Bb6+ 36. Kf4 Bc7+ 37. Kg5 Bd8+ 38. Kxg6 Ke5 39. g5 Bxe4+ 40. fxe4 Kxe4 41. Kf7 1-0

[Event "Muensterland Verbandsliga 0304"]
[Site "Germany"]
[Date "2004.01.10"]
[Round "5.1"]
[White "Rosing, Hermann"]
[Black "Hollermann, Thomas"]
[Result "0-1"]
[WhiteElo "2003"]
[BlackElo "2291"]
[PlyCount "58"]
[EventDate "2003.09.27"]
[EventType "team"]
[EventRounds "9"]
[EventCountry "GER"]
[SourceTitle "EXT 2005"]
[Source "ChessBase"]
[SourceDate "2004.11.15"]
[SourceVersion "1"]
[SourceVersionDate "2004.11.15"]
[SourceQuality "1"]
[WhiteTeam "Ahaus Wessum"]
[BlackTeam "Neuenkirchen"]
[WhiteTeamCountry "GER"]
[BlackTeamCountry "GER"]

1. e4 g6 2. d4 Bg7 3. Nc3 c6 4. f4 d5 5. e5 Nh6 6. Be2 f6 7. Nf3 Bg4 8. Nh4 Bxe2 9. Nxe2 Qb6 10. 0-0 0-0 11. Nf3 c5 12. Nc3 cxd4 13. Nxd5 Qd8 14. exf6 exf6 15. Qxd4 Nc6 16. Qd1 Qa5 17. Ne3 Rad8 18. Qe1 Qb6 19. Qf2 Rfe8 20. h3 f5 21. c3 Nf7 22. Nc4 Qb5 23. Ne3 Nd6 24. Kh2 Ne4 25. Qc2 Kh8 26. a4 Qc5 27. Qb3 Qd6 28. Nc4 Qd3 29. Re1 Nd4 0-1

[Event "Muensterland Verbandsliga 0304"]
[Site "Germany"]
[Date "2003.10.11"]
[Round "2.1"]
[White "Hollermann, Thomas"]
[Black "Emunds, Hans Georg"]
[Result "1/2-1/2"]
[WhiteElo "2291"]
[BlackElo "2227"]
[PlyCount "45"]
[EventDate "2003.09.27"]
[EventType "team"]
[EventRounds "9"]
[EventCountry "GER"]
[SourceTitle "EXT 2005"]
[Source "ChessBase"]
[SourceDate "2004.11.15"]
[SourceVersion "1"]
[SourceVersionDate "2004.11.15"]
[SourceQuality "1"]
[WhiteTeam "Neuenkirchen"]
[BlackTeam "Muenster III"]
[WhiteTeamCountry "GER"]
[BlackTeamCountry "GER"]

1. Nf3 Nf6 2. c4 b6 3. g3 Bb7 4. Bg2 e6 5. 0-0 Be7 6. Nc3 0-0 7. Re1 d5 8. cxd5 exd5 9. d4 Nbd7 10. Bf4 Nh5 11. Bd2 Re8 12. Qb3 Nhf6 13. Ne5 Nxe5 14. dxe5 Ne4 15. Nxe4 dxe4 16. Rad1 Qd5 17. Qc2 Qxe5 18. Bf4 Qe6 19. Qxc7 Bd5 20. Bh3 f5 21. Qe5 Qxe5 22. Bxe5 Be6 23. a3 1/2-1/2

[Event "Muensterland Verbandsliga 0304"]
[Site "Germany"]
[Date "2003.09.27"]
[Round "1.1"]
[White "Doennebrink, Elmar"]
[Black "Hollermann, Thomas"]
[Result "0-1"]
[WhiteElo "2160"]
[BlackElo "2291"]
[PlyCount "48"]
[EventDate "2003.09.27"]
[EventType "team"]
[EventRounds "9"]
[EventCountry "GER"]
[SourceTitle "EXT 2005"]
[Source "ChessBase"]
[SourceDate "2004.11.15"]
[SourceVersion "1"]
[SourceVersionDate "2004.11.15"]
[SourceQuality "1"]
[WhiteTeam "Suedlohn"]
[BlackTeam "Neuenkirchen"]
[WhiteTeamCountry "GER"]
[BlackTeamCountry "GER"]

1. e4 e6 2. d4 d5 3. Nc3 Bb4 4. e5 c5 5. a3 Ba5 6. b4 cxd4 7. Qg4 Ne7 8. bxa5 dxc3 9. Qxg7 Rg8 10. Qxh7 Nbc6 11. f4 Qxa5 12. Nf3 d4 13. Rb1 Bd7 14. Rxb7 Qd5 15. Rb5 Qa2 16. Ng5 a6 17. Rb7 Nd8 18. Rc7 Qa1 19. Kd1 Rxg5 20. fxg5 Nd5 21. Rxd7 Ne3+ 22. Ke2 Qxc1 23. Rxd4 Nd5 24. Kf2 Qe3# 0-1

[Event "Muensterland Verbandsliga 0203"]
[Site "Muensterland"]
[Date "2003.02.08"]
[Round "6.1"]
[White "Hollermann, Thomas"]
[Black "Doennebrink, Elmar"]
[Result "1/2-1/2"]
[WhiteElo "2291"]
[BlackElo "2160"]
[PlyCount "97"]
[EventDate "2002.09.21"]
[EventType "team"]
[EventRounds "9"]
[EventCountry "GER"]
[SourceTitle "EXT 2004"]
[Source "ChessBase"]
[SourceDate "2003.11.25"]
[SourceVersion "1"]
[SourceVersionDate "2003.11.25"]
[SourceQuality "1"]
[WhiteTeam "Neuenkirchen"]
[BlackTeam "Suedlohn"]
[WhiteTeamCountry "GER"]
[BlackTeamCountry "GER"]

1. Nf3 d5 2. d4 Nf6 3. c4 e6 4. Nc3 c6 5. Qb3 dxc4 6. Qxc4 b5 7. Qb3 Nbd7 8. e3 a6 9. a4 b4 10. Nb1 c5 11. Nbd2 Bb7 12. a5 Be7 13. Bc4 cxd4 14. exd4 0-0 15. 0-0 Nb8 16. Qd3 Nc6 17. Nb3 Nd5 18. Bd2 Bd6 19. Bxd5 exd5 20. Ng5 g6 21. f4 Be7 22. Qh3 h5 23. Qg3 Bxg5 24. fxg5 Bc8 25. Rf6 Ne7 26. Rd6 Qe8 27. Re1 Be6 28. Rb6 Nf5 29. Qe5 Qd8 30. Nc5 Ng7 31. Bxb4 Re8 32. Nb7 Qd7 33. Nd6 Red8 34. b3 Ra7 35. Bc5 Rda8 36. Qe2 Ne8 37. Nxe8 Rxe8 38. Rxa6 Rxa6 39. Qxa6 Bg4 40. Re5 Rxe5 41. dxe5 Qf5 42. Qa8+ Kh7 43. Qxd5 Qb1+ 44. Kf2 Qc2+ 45. Kg3 Be6 46. Qd4 Qxb3+ 47. Qe3 Qa4 48. h3 Qxa5 49. Be7 1/2-1/2

[Event "Muensterland Verbandsliga 0203"]
[Site "Muensterland"]
[Date "2003.01.11"]
[Round "5.1"]
[White "Fuest, Martin"]
[Black "Hollermann, Thomas"]
[Result "1-0"]
[WhiteElo "2230"]
[BlackElo "2291"]
[PlyCount "61"]
[EventDate "2002.09.21"]
[EventType "team"]
[EventRounds "9"]
[EventCountry "GER"]
[SourceTitle "EXT 2004"]
[Source "ChessBase"]
[SourceDate "2003.11.25"]
[SourceVersion "1"]
[SourceVersionDate "2003.11.25"]
[SourceQuality "1"]
[WhiteTeam "Bocholt"]
[BlackTeam "Neuenkirchen"]
[WhiteTeamCountry "GER"]
[BlackTeamCountry "GER"]

1. e4 Nc6 2. d4 d5 3. exd5 Qxd5 4. Nf3 Bg4 5. Be2 0-0-0 6. c4 Qh5 7. Be3 Nf6 8. Nc3 e5 9. d5 e4 10. Nd2 Ne5 11. Ndxe4 Nxe4 12. Bxg4+ Nxg4 13. Nxe4 Re8 14. Qf3 Qg6 15. Nc3 Bc5 16. Nd1 Ne5 17. Qh3+ f5 18. 0-0 Bxe3 19. Nxe3 Rhf8 20. Rad1 Kb8 21. f4 Nd7 22. Kh1 a5 23. Nc2 Re2 24. Nd4 Rxb2 25. Rb1 Qb6 26. Rxb2 Qxb2 27. Ne6 Rf6 28. Qxh7 Qe2 29. Rc1 Qb2 30. Rg1 Qf2 31. Qxg7 1-0

[Event "Schleusen IM 4th"]
[Site "Datteln"]
[Date "2002.05.03"]
[Round "4.1"]
[White "Hoffmann, Alexander"]
[Black "Hollermann, Thomas"]
[Result "1-0"]
[WhiteElo "2435"]
[BlackElo "2295"]
[PlyCount "57"]
[EventDate "2002.04.29"]
[EventType "tourn"]
[EventRounds "10"]
[EventCountry "GER"]
[EventCategory "6"]
[SourceTitle "CBM 088 Extra"]
[Source "ChessBase"]
[SourceDate "2002.07.01"]
[SourceVersion "2"]
[SourceVersionDate "2002.07.01"]
[SourceQuality "1"]

1. e4 e6 2. d4 d5 3. Nc3 Bb4 4. e5 Qd7 5. a3 Bxc3+ 6. bxc3 b6 7. Nh3 Ba6 8. Nf4 Bxf1 9. Kxf1 Ne7 10. Nh5 0-0 11. Qd3 f5 12. exf6 gxf6 13. Bh6 Rf7 14. Bg7 Nbc6 15. Nxf6+ Rxf6 16. Bxf6 Ng6 17. h4 Rf8 18. Bg5 Qf7 19. Qg3 h5 20. Bh6 Re8 21. Qg5 e5 22. Rh3 e4 23. Rg3 Re6 24. Qxh5 Nce7 25. Kg1 Nf5 26. Rg4 Rf6 27. Be3 Ng7 28. Qg5 Nf8 29. Rf4 1-0

[Event "Schleusen IM 4th"]
[Site "Datteln"]
[Date "2002.04.29"]
[Round "1.1"]
[White "Haba, Petr"]
[Black "Hollermann, Thomas"]
[Result "1-0"]
[WhiteElo "2493"]
[BlackElo "2295"]
[PlyCount "67"]
[EventDate "2002.04.29"]
[EventType "tourn"]
[EventRounds "10"]
[EventCountry "GER"]
[EventCategory "6"]
[SourceTitle "CBM 088 Extra"]
[Source "ChessBase"]
[SourceDate "2002.07.01"]
[SourceVersion "2"]
[SourceVersionDate "2002.07.01"]
[SourceQuality "1"]

1. e4 e6 2. d4 d5 3. e5 Qd7 4. Nf3 b6 5. c3 Ne7 6. a4 Ba6 7. Bxa6 Nxa6 8. a5 c5 9. axb6 axb6 10. Qe2 Nc7 11. Rxa8+ Nxa8 12. 0-0 Nc7 13. Re1 Nc6 14. c4 Be7 15. Nc3 0-0 16. dxc5 bxc5 17. Bg5 Nd4 18. Nxd4 Bxg5 19. Ndb5 Nxb5 20. Nxb5 Be7 21. g3 Rb8 22. b3 g6 23. Ra1 dxc4 24. bxc4 Rd8 25. Ra7 Qd1+ 26. Qxd1 Rxd1+ 27. Kg2 Kf8 28. h4 Rc1 29. Ra8+ Kg7 30. Nc7 Bf8 31. Ne8+ Kh6 32. Ra7 Rxc4 33. Rxf7 Rd4 34. Nf6 1-0

[Event "Oberliga NRW 9596 I"]
[Site "Germany"]
[Date "1996.??.??"]
[Round "?.3"]
[White "Hollermann, Thomas"]
[Black "Konikowski, Jerzy"]
[Result "1-0"]
[WhiteElo "2265"]
[BlackElo "2345"]
[PlyCount "59"]
[EventDate "1995.10.??"]
[EventType "team"]
[EventRounds "9"]
[EventCountry "GER"]
[SourceTitle "GER"]
[Source "ChessBase"]
[SourceDate "1999.07.01"]
[SourceVersion "1"]
[SourceVersionDate "1999.07.01"]
[SourceQuality "1"]
[WhiteTeam "Rheine"]
[BlackTeam "Brackel"]
[WhiteTeamCountry "GER"]
[BlackTeamCountry "GER"]

1. Nf3 g6 2. c4 Bg7 3. Nc3 Nf6 4. e4 d6 5. d4 0-0 6. h3 c6 7. Be3 a6 8. c5 b5 9. cxb6 Qxb6 10. Rb1 a5 11. Be2 Ba6 12. e5 Nd5 13. Nxd5 cxd5 14. exd6 Qxd6 15. 0-0 Nd7 16. Qd2 Rfc8 17. Rfc1 Bxe2 18. Qxe2 Qb6 19. Rc2 Rxc2 20. Qxc2 f6 21. Qa4 Qb7 22. Nd2 Nb6 23. Qb5 Qa6 24. Qc6 Kf7 25. Bf4 e6 26. Re1 Re8 27. Nb3 e5 28. dxe5 fxe5 29. Be3 Rb8 30. Qc7+ 1-0

[Event "Oberliga NRW 9091 II"]
[Site "Germany"]
[Date "1991.??.??"]
[Round "?"]
[White "Morawietz, Dieter"]
[Black "Hollermann, Thomas"]
[Result "1-0"]
[WhiteElo "2300"]
[BlackElo "2265"]
[PlyCount "59"]
[EventDate "1990.10.??"]
[EventType "team"]
[EventRounds "11"]
[EventCountry "GER"]
[SourceTitle "TD"]
[Source "ChessBase"]
[SourceDate "1994.03.01"]
[SourceVersion "1"]
[SourceVersionDate "1994.03.01"]
[SourceQuality "1"]

1. e4 e6 2. d4 d5 3. Nc3 Bb4 4. e5 Qd7 5. Nh3 b6 6. Nf4 Bb7 7. Bd3 Nc6 8. Qg4 g6 9. Be3 0-0-0 10. 0-0 Nge7 11. Nb5 a6 12. c3 axb5 13. Bxb5 Kb8 14. Qe2 g5 15. Nh5 Nf5 16. Nf6 Qe7 17. a3 Nxe3 18. fxe3 Bd6 19. exd6 Qxd6 20. Qh5 Qe7 21. a4 Na7 22. Qxg5 Rhg8 23. Qe5 Rg7 24. Nd7+ Rxd7 25. Qxg7 f5 26. Qxe7 Rxe7 27. Rf3 Nxb5 28. axb5 Bc8 29. b3 Bd7 30. c4 1-0

[Event "Oberliga NRW 9192 I"]
[Site "Germany"]
[Date "1991.??.??"]
[Round "?.4"]
[White "Rosen, Willy"]
[Black "Hollermann, Thomas"]
[Result "1/2-1/2"]
[WhiteElo "2270"]
[BlackElo "2265"]
[PlyCount "128"]
[EventDate "1991.10.??"]
[EventType "team"]
[EventRounds "11"]
[EventCountry "GER"]
[SourceTitle "TD"]
[Source "ChessBase"]
[SourceDate "1994.03.01"]
[SourceVersion "1"]
[SourceVersionDate "1994.03.01"]
[SourceQuality "1"]
[WhiteTeam "Katernberg"]
[BlackTeam "Blomberg"]
[WhiteTeamCountry "GER"]
[BlackTeamCountry "GER"]

1. e4 e6 2. d4 d5 3. e5 c5 4. c3 Nc6 5. Nf3 Nge7 6. Be2 cxd4 7. cxd4 Nf5 8. b3 Bb4+ 9. Kf1 Qb6 10. Bb2 Bd7 11. g4 Nh6 12. h3 f6 13. exf6 gxf6 14. Nc3 Ne7 15. Qd2 Nf7 16. Rc1 Ng6 17. Qe3 0-0 18. Bd3 Bxc3 19. Bxc3 Bb5 20. Bxb5 Qxb5+ 21. Kg2 e5 22. Kh2 Rae8 23. Bb2 e4 24. Nd2 Qa6 25. Rc7 Rc8 26. Rhc1 Rxc7 27. Rxc7 Re8 28. Bc3 Qd6+ 29. Qg3 Nf4 30. Rxb7 e3 31. fxe3 Qc6 32. Qxf4 Qxb7 33. Nf1 Re4 34. Qg3 Qb5 35. Qf2 Qd3 36. Bb4 Re6 37. Qf4 Qe2+ 38. Kg3 Qb5 39. Bc5 Ng5 40. Nd2 Qe8 41. Nf1 Ne4+ 42. Kg2 Qb5 43. Qf5 Qe2+ 44. Kg1 Ng5 45. Kh1 Kg7 46. Ng3 Qxe3 47. Qf4 Qe1+ 48. Kg2 Kg8 49. h4 Nf7 50. Bxa7 Nd8 51. Bc5 Qb1 52. Qc7 Re8 53. Qd7 Qg6 54. Qxd5+ Ne6 55. Kh3 Kh8 56. Qf5 Qh6 57. Bd6 Ng5+ 58. Kg2 Qxh4 59. Qxf6+ Kg8 60. Qg7+ Kxg7 61. Nf5+ Kf7 62. Nxh4 Re2+ 63. Kg3 Rxa2 64. Kf4 Nh3+ 1/2-1/2

[Event "Oberliga NRW 8889 II"]
[Site "Germany"]
[Date "1989.??.??"]
[Round "2"]
[White "Beeker, Detlef"]
[Black "Hollermann, Thomas"]
[Result "0-1"]
[WhiteElo "2110"]
[BlackElo "2165"]
[PlyCount "96"]
[EventDate "1988.10.??"]
[EventType "team"]
[EventRounds "9"]
[EventCountry "GER"]
[SourceTitle "EXT 1997"]
[Source "ChessBase"]
[SourceDate "1996.11.15"]
[SourceVersion "1"]
[SourceVersionDate "1996.11.15"]
[SourceQuality "1"]
[WhiteTeam "Duisburg"]
[BlackTeam "Neuenkirchen"]
[WhiteTeamCountry "GER"]
[BlackTeamCountry "GER"]

1. e4 e6 2. d4 d5 3. e5 c5 4. c3 Nc6 5. Nf3 Nge7 6. Na3 cxd4 7. cxd4 Nf5 8. Nc2 Nb4 9. Bd2 Nxc2+ 10. Qxc2 Bd7 11. b4 Qb6 12. Qb2 Bb5 13. Bxb5+ Qxb5 14. a4 Qd3 15. Rc1 Be7 16. Rc3 Qe4+ 17. Be3 Nxd4 18. Nxd4 Qxg2 19. Rf1 0-0 20. Rc7 Bh4 21. Ne2 Rac8 22. Qc3 Rxc7 23. Qxc7 Qe4 24. Qxb7 Qxe3 25. Qc7 Qb3 26. Rg1 Qxb4+ 27. Kf1 Qb1+ 28. Qc1 Qf5 29. Qe3 Rb8 30. Qxa7 Qxe5 31. Rg4 Bf6 32. Qc5 Rb1+ 33. Kg2 h5 34. Qc8+ Kh7 35. Qc2+ Qf5 36. Qxf5+ exf5 37. Rg3 Ra1 38. Rd3 Ra2 39. Kf3 Rxa4 40. Rxd5 g6 41. Rd7 Kg7 42. Nf4 Re4 43. h3 Re7 44. Rd3 Be5 45. Ng2 g5 46. Ne3 Kg6 47. Rd8 g4+ 48. Kg2 f4 0-1